03070naa a2200181 a 450000100080000000500110000800800410001910000180006024501250007826000090020352024580021265300160267065300250268665300170271170000170272870000180274577301250276311301092020-10-27 2020 bl uuuu u00u1 u #d1 aWAMSER, G. H. aAVALIA????O DA PRODUTIVIDADE DE 10 GERMOPLASMAS DE CEBOLA NA REGI??O DO ALTO VALE DO ITAJA??, SC.h[electronic resource] c2020 aO estado de Santa Catarina ?? o maior produtor nacional de cebola. Na safra catarinense de 2018 foram colhidas 485,12 mil toneladas, com valor bruto de produ????o de R$ 630,60 milh??es (Epagri/Cepa, 2019). A produtividade m??dia da safra catarinense foi de 27,63 t.ha-1 (IBGE,2019). Uma das caracter??sticas de destaque da cebolicultura catarinense ?? a utiliza????o de cultivares de poliniza????o aberta (OPs), ao contr??rio do que ocorre em outras regi??es do pa??s onde se recorre a utiliza????o de variedades h??bridas, principalmente pelos agricultores mais tecnificados. Esta prefer??ncia por cultivares OPs se deve em parte pela n??o exist??ncia de h??bridos adaptados ??s condi????es locais de clima, j?? que s??o desenvolvidos em outras regi??es e pa??ses. J?? os cultivares OPs por serem desenvolvidos na regi??o de cultivo e terem uma base gen??tica mais ampla, possuem uma melhor adapta????o ??s varia????es clim??ticas. O objetivo do presente estudo foi avaliar 10 gen??tipos de cebola no Alto Vale do Itaja??-SC no sistema convencional de produ????o. O experimento foi conduzido no munic??pio de Ituporanga, SC, a 475 m de altitude, durante a safra 2018/2019. O delineamento experimental foi a casualiza????o em blocos, com tr??s repeti????es. Cada parcela foi composta de 390 plantas espa??adas em 0,075m entre plantas e 0,35 m entre linhas. Foram testados dois cultivares h??bridos e oito cultivares de poliniza????o livre (OP), sendo cinco popula????es avan??adas e tr??s cultivares comerciais. Para separa????o dos cultivares mais produtivos foi realizado o agrupamento de m??dias de Scott-Knott com a utiliza????o do aplicativo computacional GENES??. O agrupamento permitiu separar cinco grupos com diferentes produtividades comerciais. O grupo mais produtivo foi composto por uma popula????o avan??ada, Bola_Agro e um cultivar comercial, SCS379 Robusta, com produtividade comercial de 50,38 e 48,49 t ha-1; no segundo grupo de maior produtividade (43,14 t ha-1) ficou um cultivar h??brido: Bella Vista; no terceiro grupo ficaram dois cultivares comerciais: Epagri 363 Superprecoce e Empasc 352 Bola Precoce, com produtividade de 39,92 e 39,14 t ha-1, respectivamente; no quarto grupo as produtividades variaram de 31,69 a 35,07 t ha-1 para os gen??tipos: Branca, SCS366 Poranga, Rio das Antas (h??brido) e Cruzamento_05. O germoplasma menos produtivo atingiu 27,14 t ha-1, sendo uma popula????o avan??ada do programa de melhoramento. aAllium cepa amelhoramento vegetal aresist??ncia1 aALVES, D. P.1 aMANFIO, C. E. tIn: SIMP??SIO DE GEN??TICA, MELHORAMENTO E CONSERVA????O DE PLANTAS, 2., 2020, Goi??nia. Resumos... Goi??nia: UFG, 2020.